Tennis : Les joueuses les mieux classées par pays - Statistiques

Statistiques générales
  • Ce quiz a été pris 33 fois
  • Le résultat moyen est 13 sur 24
Statistiques - réponses
Pays Classement WTA Joueuses % Correct
Etats-Unis 2 Coco Gauff
97%
Pologne 8 Iga Swiatek
97%
Etats-Unis 3 Jessica Pegula
87%
Chine 5 Qinwen Zheng
87%
France 65 Loïs Boisson
84%
Russie 7 Mirra Andreeva
84%
Etats-Unis 6 Madison Keys
77%
Ukraine 14 Elina Svitolina
71%
Pologne 27 Magda Linette
65%
France 95 Leolia Jeanjean
55%
Royaume-Uni 38 Emma Raducanu
52%
Chine 33 Xinyu Wang
52%
République Tchèque 17 Barbora Krejcikova
48%
Russie 18 Ekaterina Alexandrova
48%
Royaume-Uni 41 Katie Boulter
48%
Ukraine 26 Marta Kostyuk
48%
France 111 Varvara Gracheva
48%
Pologne 25 Magdalena Frech
39%
République Tchèque 15 Karolina Muchova
35%
Ukraine 42 Dayana Yastremska
26%
Russie 12 Diana Shnaider
23%
République Tchèque 30 Linda Noskova
19%
Chine 82 Yue Yuan
16%
Royaume-Uni 49 Sonay Kartal
13%
Aucun quiz correspondant
Distribution des résultats
% des personnes avec chaque résultat
Percentile par nombre de réponses
Votre historique - résultats
Vous n’avez pas pris ce quiz